00443 2200169 4500001002100000005001500021035001900036245005300055100001800108300003800126260004600164082000700210084001300217022001200230863001700242990001400259INLIS00000000000159620250306100157$a 0010-0325000025$a Manakala ada yang 'lapar mata' /$c Bhakti Karyono$a Bhakti Karyono$a 50 hlm : $b ilus ; $c 21 x 27.5 cm$a Jakarta :$b PT Kuark Internasional,$c 2025$a 050$a 050 BHA m$a 16939964$a Februari 2025$a MK005/2025